| 000 | 01063nam a2200241 i 4500 | ||
|---|---|---|---|
| 001 | 20373 | ||
| 003 | ES-MaACL | ||
| 005 | 20250814013814.0 | ||
| 007 | t| | ||
| 008 | 021112s1858 sp |||| | spa d | ||
| 100 | 1 |
_aAguilar y Vela, Antonio, _d1820-1882 _918755 |
|
| 245 | 1 | 0 |
_aDiscurso pronunciado en la solemne inauguración del año académico de 1858 a 1859 en la Universidad Central : _b[tema: Importancia y necesidad del estudio de las ciencias] / _cpor el doctor D. Antonio Aguilar y Vela. |
| 260 |
_aMadrid : _b[s.n., _c1858] ( _fImp. Nacional) |
||
| 300 |
_a30 p. ; _c23 cm. |
||
| 530 | _aDisponible en formato digital. | ||
| 650 | 7 |
_aCiencias _2embne _910971 |
|
| 710 | 2 |
_aUniversidad Central (Madrid) _97084 |
|
| 740 | 0 | 2 | _aImportancia y necesidad del estudio de las ciencias. |
| 852 | 4 |
_aES-MaACL _jT-10-F-14 |
|
| 852 | 4 |
_aES-MaACL _jT-385-F-21 _z- Sello de "Los Escolares Médicos" |
|
| 856 | 4 |
_uhttp://bibliotecavirtualdefensa.es/BVMDefensa/es/consulta/registro.do?id=45512 _zBiblioteca Virtual de Defensa |
|
| 999 |
_c20373 _d20373 |
||